00400nam a2200157Ia 450000500170000000800410001702000160005804000190007404100120009308200160010510000170012124500540013826000240019230000160021685000100023220230206143655.0131103s9999 xx 000 0 und d a057116921 X aLoreto College aEnglish a824.08bOSB aOsborne,John aDamm you,Englandb collected prose cJohn Osborne aLondonbFaberc1994 a[5],264 p.  aLCLIB